Perrin and another v Northampton BC (Record no. 79916)

MARC details
000 -LEADER
fixed length control field 01648cad a22002055a 4500
001 - CONTROL NUMBER
control field L142708
008 - FIXED-LENGTH DATA ELEMENTS--GENERAL INFORMATION
fixed length control field 080303e20070719xxk f w 000 0 eng d
035 ## - SYSTEM CONTROL NUMBER
System control number (Sirsi) u142708
041 0# - LANGUAGE CODE
Language code of text/sound track or separate title eng
245 00 - TITLE STATEMENT
Title Perrin and another v Northampton BC
Medium [electronic resource]
260 ## - PUBLICATION, DISTRIBUTION, ETC.
Date of publication, distribution, etc. 2007
520 ## - SUMMARY, ETC.
Summary, etc. [2007] EWCA Civ 1353, 19 December 2007. Considers the meaning of the construction of section 198(6)(b) of the Town and Country Planning Act 1990. Considers whether the cutting of a tree which was the subject of a Tree Preservation Order was necessary for abatement of a nuisance, or whether it was permissible to consider other means of alleviating the nuisance. The appellant local authority (N) appealed against a decision (L135440) holding that the felling of a tree whose roots had caused damage to the respondent (P)'s land was necessary for the abatement of nuisance, even given that other works were possible to resolve the issue. "Held": On considering the purpose of tree preservation orders it was not considered necessary to remove the tree entirely to abate the nuisance. The judge had erred in his findings. Alternative works such as the construction of a root barrier were sufficient to resolve the situation. Appeal allowed.
590 ## - LOCAL NOTE (RLIN)
Local note KA
650 24 - SUBJECT ADDED ENTRY--TOPICAL TERM
Topical term or geographic name entry element PERRIN AND ANOTHER V NORTHAMPTON BC
650 24 - SUBJECT ADDED ENTRY--TOPICAL TERM
Topical term or geographic name entry element TOWN AND COUNTRY PLANNING ACT 1990 S198(6)(B)
651 #4 - SUBJECT ADDED ENTRY--GEOGRAPHIC NAME
Geographic name England and Wales
Chronological subdivision 1543-
690 ## - LOCAL SUBJECT ADDED ENTRY--TOPICAL TERM (OCLC, RLIN)
Topical term or geographic name as entry element ENVIRONMENTAL AND LAND CONSULTANCY-PLANNING AND DEVELOPMENT-DEVELOPMENT CONTROL
856 40 - ELECTRONIC LOCATION AND ACCESS
Uniform Resource Identifier <a href="https://www.bailii.org/ew/cases/EWCA/Civ/2007/1353.html">https://www.bailii.org/ew/cases/EWCA/Civ/2007/1353.html</a>
Public note View the judgment free of charge at www.bailii.org...
942 ## - ADDED ENTRY ELEMENTS (KOHA)
Suppress in OPAC 0
Holdings
Withdrawn status Lost status Source of classification or shelving scheme Damaged status Not for loan Home library Current library Shelving location Date acquired Total Checkouts Full call number Barcode Date last seen Copy number Price effective from Koha item type
    Dewey Decimal Classification     Virtual Virtual Online 03/03/2008   ONLINE PUBLICATION 142708-1001 06/08/2019 1 06/08/2019 Law report